00383 2200157 4500001002100000005001500021035002000036245003900056100001700095300002600112260003100138082000800169084001400177020002200191990001200213INLIS00000000000308120250930091326 a0010-09250004281 aWisata Hemat Korea /cAgung Basuki0 aAgung Basuki a185 hlm ;c11 x 18 cm aJakarta :bGramedia,c2013 a900 a900 AGU w a978-602-02-1971-4 a0755558